LEADER 01496nam a2200265 i 4500 001 000000153579 003 CaOOAMICUS 005 20060927000000.0 008 060927n it u000 u ita u 013 $a130922 040 $aSeMil$bita 100 1 $aPiazzoni, Ambrogio Maria,$d<1951- >.$0(OLS)http://semarc/name/55018 245 10$aPietro il venerabile di Cluny e Bernardo di Clairvaux :$bsignificato storico di una discussione /$cTesi di laurea [di] Ambrogio Piazzoni ; Relatore Prof. Raoul Manselli ; Correlatore Prof. Edith Pasztor. 260 $a[S.l. :$bs.n.],$c[1975]?. 300 $a334 p. ;$c27 cm. 500 $aContiene : Bibliografia. - In testa al front. : Universitā degli Studi di Roma, Facoltā di Lettere e Filosofia. - A pič del front. : Anno accademico 1974-1975. 600 04$aBernardo : di Chiaravalle .$0(OLS)http://semarc/subject/739 600 04$aPietro : il Venerabile .$0(OLS)http://semarc/subject/12693 650 4$aTesi di laurea.$0(OLS)http://semarc/subject/1690 700 1 $aPasztor, Edith <1925-2015>.$0(OLS)http://semarc/name/35645 700 1 $aManselli, Raoul <1917-1984>.$0(OLS)http://semarc/name/2282 850 $aSeMil 852 $aSeMil$W1$xVenegono$y1$m4X V 22$j105505$B105505$CSeMilBibl$Z2$F114676 $8L 996 $6245$aPietro il venerabile di Cluny e Bernardo di Clairvaux :$bsignificato storico di una discussione$9(OLS)http://semarc/title/224732 996 $6260$a[S.l. :$bs.n.]$9(OLS)http://semarc/publisher/29751 LEADER 00916nam a2200205 4500 001 000000357762 003 CaOOAMICUS 005 20240326154140.0 008 240326s1933 it 000 u ita r 040 $aSeMil$bita 245 00$aAllocuzione ai missionari passionisti che partono per la missione di Dodoma nel Tanganyika (Africa centrale) . 264 1$aBergamo :$bTavecchi,$c1933. 300 $a29 p. ;$c24 cm 650 4$aAfrica centrale - Missioni.$0(OLS)http://semarc/subject/54237 650 4$aPassionisti.$0(OLS)http://semarc/subject/5821 850 $aSeMil 852 $aSeMil$W1$xVenegono$y1$m5B VI 5/32$j247056$B248931$CSeMilBibl$Z2$F248931 $81 996 $6245$aAllocuzione ai missionari passionisti che partono per la missione di Dodoma nel Tanganyika (Africa centrale) $9(OLS)http://semarc/title/448043 996 $6264$aBergamo :$bTavecchi$9(OLS)http://semarc/publisher/52824